Military Flags/Emblems of Every Country - Statistics

General Stats
  • This quiz has been taken 59 times
  • The average score is 84 of 166
Answer Stats
Picture Hint Answer % Correct
Finland
89%
Army Germany
89%
Army Vietnam
89%
Army Denmark
87%
Israel
87%
Norway
87%
Sweden
87%
Army Taiwan
87%
Canada
84%
Colombia
84%
Army Egypt
84%
Minister of Defence France
84%
Japan
84%
Lebanon
84%
Army Nepal
84%
Land Forces Albania
82%
Navy Bahamas
82%
Army Bhutan
82%
Army Laos
82%
Niger
82%
Air Force Qatar
82%
Romania
82%
Army Saudi Arabia
82%
Singapore
82%
South Africa
82%
Belarus
79%
Bosnia and Herzegovina
79%
Army Jordan
79%
Kenya
79%
New Zealand
79%
Peru
79%
Portugal
79%
Ministry of Defense Syria
79%
Tajikistan
79%
Navy Algeria
76%
China
76%
Georgia
76%
Iran
76%
Liberia
76%
Army Division General Madagascar
76%
Morocco
76%
North Korea
76%
Slovakia
76%
Army Spain
76%
Army Afghanistan
74%
Land Forces Azerbaijan
74%
Bahrain
74%
Brunei
74%
Army Iraq
74%
Army Oman
74%
Slovenia
74%
Air Force Sudan
74%
Army Switzerland
74%
Air Force Ghana
71%
Hungary
71%
Kazakhstan
71%
Serbia
71%
Ukraine
71%
Army Bolivia
68%
Minister of Defence Croatia
68%
Mongolia
68%
Army Montenegro
68%
San Marino
68%
Armed Forces Split Between Two Governments Yemen
68%
Air Force Côte d’Ivoire
66%
Togo
66%
Army Argentina
63%
Land Forces Bulgaria
63%
Mauritania
63%
Nicaragua
63%
Tunisia
63%
United Arab Emirates
63%
Angola
61%
Minister of Defence Guatemala
61%
Moldova
58%
Benin
55%
Lithuania
55%
Mali
55%
Infantry Monaco
55%
Uganda
55%
Honor Guard Vatican City
55%
Honor Guard Austria
53%
Land Forces Czechia
53%
Navy Gabon
53%
Army Ireland
53%
Land Forces Poland
53%
Army Dominican Republic
50%
Guinea
50%
Ministry of Defence Russia
50%
Army United Kingdom
50%
Greece
47%
Luxembourg
47%
Air Force Cameroon
45%
Army Turkmenistan
45%
Botswana
42%
Estonia
42%
Ethiopia
42%
Namibia
42%
Army Sri Lanka
42%
Papua New Guinea
39%
Minister of Defence Armenia
37%
Cambodia
37%
National Guard (Essentially all branches in this country) Cyprus
37%
Kyrgyzstan
37%
Air Force Mozambique
37%
Myanmar
37%
Land Forces North Macedonia
37%
Suriname
37%
Army United States
37%
Army Venezuela
37%
India
34%
Kuwait
34%
Army Zambia
34%
Army Chile
32%
Zimbabwe
32%
Belize
29%
Army (Commander In Chief) Latvia
29%
Rwanda
29%
Antigua and Barbuda
26%
Bangladesh
26%
Guinea-Bissau
26%
Kosovo
26%
Lesotho
26%
Navy Paraguay
26%
Philippines
26%
South Sudan
26%
Ministry of Defence Uzbekistan
26%
Cuba
24%
El Salvador
24%
Malaysia
24%
Army Mexico
24%
Army Netherlands
24%
Pakistan
24%
Timor-Leste
24%
Mobile Forces Vanuatu
24%
Army Belgium
21%
Army Honduras
21%
St. Kitts and Nevis
21%
Barbados
18%
Eritrea
18%
Malta
18%
Sierra Leone
18%
Army Uruguay
18%
Libya
16%
Maldives
16%
Air Force Senegal
16%
South Korea
16%
Tanzania
16%
Trinidad and Tobago
16%
Australia
13%
Army Brazil
13%
Navy Djibouti
13%
Fiji
13%
Guyana
13%
Minister of Defence Italy
13%
Jamaica
13%
Malawi
13%
Seychelles
13%
Army Ecuador
11%
Gambia
11%
Nigeria
11%
Army Somalia
11%
Land Forces Turkey
11%
Indonesia
8%
Thailand
8%
Tonga
5%
No matching quizzes found
Score Distribution
Percent of People with Each Score
Percentile by Number Answered
Your Score History
You have not taken this quiz